000 01025cad a22002055a 4500
001 E150057
008 100526e20100119xxk f 000 0 eng d
035 _a(Sirsi) u150057
041 0 _aeng
110 2 _aDavis Langdon
_94649
245 0 0 _aDevelopment of a promotional campaign for life cycle costing in construction
_bfinal report
_h[electronic resource]
260 _aLondon
_bDavis Langdon
_c2010
520 _aFocuses on the creation and implementation of a training programme for life cycle costing on behalf of the European Commission, but also provides an analysis of the use of ISO 15686 Part 5 in various European countries.
590 _aKA
650 2 4 _aISO 15686 PART 5
651 4 _aEurope
690 _aMANAGEMENT-BUSINESS MANAGEMENT-COST MANAGEMENT-COST ANALYSIS-LIFE CYCLE COSTING
856 4 0 _uhttps://ec.europa.eu/enterprise/sectors/construction/files/compet/life_cycle_costing/100119_development_of_a_promotional_campaign_en.pdf
_zView the report free of charge at http://ec.europa.eu
942 _n0
999 _c110715
_d110715